000 00474nam a2200145 a 4500
001 36722
005 20180714005413.0
008 140415s1986 000 0 spa d
041 _aspa
082 _a624.1
_bING
245 0 0 _aINGENIERIA ESTRUCTURAL SUDAMERICANA EN LA DECADA DEL 80 :
_bA ENGENNERIA ESTRUCTURAL SULAMERICANA NA DECADA DOS 80
260 _a[s.l.] :
_bUNIVERSIDAD DE LA REPUBLICA,
_c1986
300 _a2
650 1 4 _aINGENIERIA DE ESTRUCTURAS
999 _c36722
_d36722